ბათუმის შოთა რუსთაველის სახელმწიფო უნივერსიტეტის ბიბლიოთეკა

ცეცხლის ხაზზე : პიესა 4 მოქმედებად და 8 სურათად (ბიბ.ჩანაწერი № 50372)

000 -LEADER
fixed length control field 00586nam a2200193Ia 4500
001 - CONTROL NUMBER
control field 17313
003 - CONTROL NUMBER IDENTIFIER
control field GE_BSU
008 - FIXED-LENGTH DATA ELEMENTS--GENERAL INFORMATION
fixed length control field 181216s||||||||xx |||||||||||||| ||und||
040 ## - CATALOGING SOURCE
Transcribing agency GE_BSU
080 ## - UNIVERSAL DECIMAL CLASSIFICATION NUMBER
Universal Decimal Classification number 821.353.1-2 82
100 ## - MAIN ENTRY--PERSONAL NAME
Personal name ნახუცრიშვილი,გ.
245 ## - TITLE STATEMENT
Title ცეცხლის ხაზზე : პიესა 4 მოქმედებად და 8 სურათად
260 ## - PUBLICATION, DISTRIBUTION, ETC.
Place of publication, distribution, etc. თბილისი
260 ## - PUBLICATION, DISTRIBUTION, ETC.
Name of publisher, distributor, etc. ხელოვნება
260 ## - PUBLICATION, DISTRIBUTION, ETC.
Date of publication, distribution, etc. 1955
300 ## - PHYSICAL DESCRIPTION
Extent 76გვ. ; 20სმ..
653 ## - INDEX TERM--UNCONTROLLED
Uncontrolled term პიესა
942 ## - ADDED ENTRY ELEMENTS (KOHA)
Koha item type წიგნი
ეგზემპლარები
Withdrawn status Lost status Damaged status Not for loan Date acquired Barcode Date last seen Price effective from Koha item type
        2018-12-17 41507 2018-12-17 2018-12-17 წიგნი